Asian Islands on the Map. - Statistics

General Stats
  • This quiz has been taken 370 times
    359 since last reset
  • The average score is 19 of 24
Answers on the Map
Answers color-coded by a green-red scale on the quiz's map according to % correct below.
 
Answer Stats
Islands % Correct
Java
97%
Sri Lanka
97%
Taiwan
97%
Bahrain
96%
Cyprus
96%
Borneo
95%
Sumatra
94%
Singapore
92%
Honshu
91%
Timor
91%
Hokkaido
89%
Hong Kong
89%
Sulawesi
87%
Luzon
86%
Hainan
84%
Sakhalin
78%
Mindanao
74%
Kyushu
73%
Great Andaman
63%
Shikoku
61%
Socotra
59%
Palawan
46%
Cebu
40%
Panay
27%
No matching quizzes found
Score Distribution
Percent of People with Each Score
Percentile by Number Answered
Your Score History
You have not taken this quiz since the last reset